000 00466nam a2200181Ia 4500
001 19501
005 20260306172658.0
008 260306t2001||||xx |||||||||||||| ||spa||
041 _aESP
082 _a340.1
_bB18
100 _aBallesteros, Jesús
_eAUT
245 0 _aSobre el sentido del derecho:
_bintroducción a la filosofia jurídica
260 _c2001
300 _a195 páginas :
_c21 cm.
650 _aGEN
654 _aCDE
942 _cLIB
_dJUS
_fJUS
_2ddc
_n
999 _c19501
_d19501